Problems in mathematical analysis II : continuity and differentiation
Αποθηκεύτηκε σε:
| Κύριος συγγραφέας: | |
|---|---|
| Άλλοι συγγραφείς: | |
| Μορφή: | Βιβλίο |
| Γλώσσα: | English Polish |
| Δημοσίευση: |
Providence, R.I. :
American Mathematical Society,
c2001.
|
| Σειρά: | Student mathematical library ;
12 |
| Θέματα: | |
| Ετικέτες: |
Προσθήκη ετικέτας
Δεν υπάρχουν, Καταχωρήστε ετικέτα πρώτοι!
|
MARC
| LEADER | 00000cam a2200000 i 4500 | ||
|---|---|---|---|
| 001 | 1/65571 | ||
| 008 | 071203s2001 riu| ||| |||| ||eng|| | ||
| 020 | |a 0821820516 | ||
| 035 | |l 10092736 | ||
| 040 | |a GR-MyUA |b gre |e AACR2 | ||
| 041 | 1 | |a eng |h pol | |
| 082 | 0 | |a 515.076 |2 (22) | |
| 100 | 1 | |a Kaczor, W. J. |q (Wiesława J.), |d 1949- | |
| 245 | 1 | 0 | |a Problems in mathematical analysis II : |b continuity and differentiation / |c W.J. Kaczor, M.T. Nowak. |
| 260 | |a Providence, R.I. : |b American Mathematical Society, |c c2001. | ||
| 300 | |a xiv, 398 σ. ; |c 22 εκ. | ||
| 490 | 1 | |a (Student mathematical library |v ; 12) | |
| 500 | |a Τίτλος πρωτοτύπου: Zadania z analizy matematycznej. | ||
| 504 | |a Περιλαμβάνει βιβλιογραφία και ευρετήριο. | ||
| 650 | 0 | 0 | |a Mathematical analysis. |
| 650 | 0 | 0 | |a Continuity. |
| 650 | 0 | 0 | |a Differentiable functions. |
| 700 | 1 | |a Nowak, M. T. |q (Maria T.), |d 1951- | |
| 830 | 0 | |a Student mathematical library ; |v 12 | |
| 852 | |a INST |b CHIOS |e 20071203 |h 515.076 KAC |p 005200028224 |q 005200028224 |t BK |y 0 | ||
| 901 | |a BIBL2-2007-3 | ||
| 909 | |a Χ |b 140665 | ||
| 922 | |a 2ΕΛΗ |b 200711 |c ΕΠΕΑΕΚ2/ΤΜΟΔ |d ΕΛΕΥΘΕΡΟΥΔΑΚΗΣ | ||
| 970 | |a ΒΑΣΙΛΑΚΗ |b ΝΙΚΗ |z 2007/12/03 | ||